• 首页
  • 本馆介绍
  • 公告通知
  • 最新文献
  • 馆藏检索
  • 电子资源
  • 读者导购
  • 参考咨询
  • 我的图书馆
  • 登录
  • 详细信息显示
  • 放入我的书架
  • 预约/预借图书
  • 作者相关作品
  • 分类相关作品
  • 丛书相关作品
  • 出版社相关作品

书目信息

  • 表格格式
  • 工作单格式
  • 卡片格式
题名:
一看就懂的超级记忆术
    
 
作者: 王利利 著
分册:  
出版信息: 北京   中国法制出版社  2017
页数: 258页
开本: 24cm
丛书名:
单 册:
中图分类: B842.3-49
科图分类:
主题词: 记忆术--通俗读物
电子资源:
ISBN: 978-7-5093-8066-6
000 01260nam0 2200253 450
001 1679
005 20180522135208.61
010    @a978-7-5093-8066-6@dCNY36.00
100    @a20170427d2017 em y0chiy50 ea
101 0  @achi
102    @aCN@b110000
105    @ay z 000yy
200 1  @a一看就懂的超级记忆术@9yi kan jiu dong de chao ji ji yi shu@e跟大师提升记忆力@f王利利著
210    @a北京@c中国法制出版社@d2017
215    @a258页@d24cm
304    @a京师心智组编
314    @a王利利,畅销书作家,博闻强志,潜心写作,广泛涉猎心理学等人文社会科学,作品包括《跟大师提升记忆力》《别让失控毁了你》《心理学与人生规划》《图解记忆术》等。
330    @a本书的作者以大量的篇幅为我们介绍了“世界记忆大师”的“秘笈”,书中还讲述了古今中外记忆名人的故事,他们的经验和方法同样值得我们借鉴。其中,有白痴天才、超忆症患者,有记忆研究之父艾宾浩斯、思维导图的发明者托尼·博赞,还有凯撒大帝、拿破仑、托尔斯泰、马克思、陈寅恪、钱钟书。翻开这本书,就像走进了一座“记忆圣殿”,站在巨人的肩膀上,我们的记忆之旅就拥有了更开阔的视野、超越自我的高度。
517 1  @a跟大师提升记忆力@9gen da shi ti sheng ji yi li
606 0  @a记忆术@j通俗读物
690    @aB842.3-49@v5
701  0 @a王利利@9wang li li@4著
801  0 @aCN@b91MARC@c20170427
905    @aMuseLib@dB842.3-49@e2235
    
    一看就懂的超级记忆术:跟大师提升记忆力/王利利著.-北京:中国法制出版社,2017
    258页;24cm
    
    
    ISBN 978-7-5093-8066-6:CNY36.00
    本书的作者以大量的篇幅为我们介绍了“世界记忆大师”的“秘笈”,书中还讲述了古今中外记忆名人的故事,他们的经验和方法同样值得我们借鉴。其中,有白痴天才、超忆症患者,有记忆研究之父艾宾浩斯、思维导图的发明者托尼·博赞,还有凯撒大帝、拿破仑、托尔斯泰、马克思、陈寅恪、钱钟书。翻开这本书,就像走进了一座“记忆圣殿”,站在巨人的肩膀上,我们的记忆之旅就拥有了更开阔的视野、超越自我的高度。
●
相关链接 在E读中查询图书 在五车中查询图书 在当当中查询图书 在豆瓣中查询图书


正题名:一看就懂的超级记忆术     索取号:B842.3-49/2235         预约/预借

序号 登录号 条形码 馆藏地/架位号 状态 备注
1 1105955   211059557   第一样本阅览室/ [索取号:B842.3-49/2235] 在馆    
2 1105956   211059566   教育系资料室/ [索取号:B842.3-49/2235] 在馆    
3 1105957   211059575   教育系资料室/ [索取号:B842.3-49/2235] 在馆    
4 1105958   211059584   教育系资料室/ [索取号:B842.3-49/2235] 在馆    
5 1105959   211059593   第一借阅区/ [索取号:B842.3-49/2235] 在馆    
6 1105960   211059600   第一借阅区/ [索取号:B842.3-49/2235] 在馆    
唐山师范学院图书馆 欢迎您!
大连网信软件有限公司© 版权所有